| 000 | 00406 a2200157 4500 | ||
|---|---|---|---|
| 999 |
_c12775 _d12775 |
||
| 003 | OSt | ||
| 005 | 20240709173955.0 | ||
| 008 | 240709b ||||| |||| 00| 0 eng d | ||
| 020 | _a9783856763626 | ||
| 082 | _a720.29 | ||
| 100 | _aAdam Caruso and Helen Thomas (Editors) | ||
| 245 | _aRudolf Schwarz and the Monumental Order of Things | ||
| 260 |
_bgta publishers _c2018 |
||
| 300 | _a334p; | ||
| 942 | _2ddc | ||